Crime and criminology / (Record no. 84187)

MARC details
000 -LEADER
fixed length control field 00622nam a22001937a 4500
005 - DATE AND TIME OF LATEST TRANSACTION
control field 20140722112747.0
010 ## - LCCN (DPL NO)
LC control number ENG-110005
020 ## - INTERNATIONAL STANDARD BOOK NUMBER
Terms of availability 995.00
International Standard Book Number 9788183763431
035 ## - SYSTEM CONTROL NUMBER
System control number EN-93538
037 ## - SOURCE OF ACQUISITION
Source of stock number/acquisition DBAD/PUB
082 ## - DEWEY DECIMAL CLASSIFICATION NUMBER
Classification number 364
100 ## - MAIN ENTRY--PERSONAL NAME
Personal name Singh, Anjana
245 00 - TITLE STATEMENT
Title Crime and criminology /
Statement of responsibility, etc by Anjana Singh
260 ## - PUBLICATION, DISTRIBUTION, ETC. (IMPRINT)
Place of publication, distribution, etc Jaipur
Name of publisher, distributor, etc ABD Publishers
Date of publication, distribution, etc 2011
270 ## - ADDRESS
Address Bony Residency Gate NO-2 opp Tilak Public School,Vishveshria Nagar,Gopalpura Road
City Jaipur
Postal code 302018
300 ## - PHYSICAL DESCRIPTION
Extent vi,296p.
Dimensions 22cm(Hb)
500 ## - GENERAL NOTE
General note Includes bibliographical references and index
942 ## - ADDED ENTRY ELEMENTS (KOHA)
Source of classification or shelving scheme Dewey Decimal Classification
Item type English Books
Call number suffix SIN
Classification part 364
Holdings
Withdrawn status Lost status Not for loan Collection code Home library Current library Date acquired Source of acquisition Cost, normal purchase price Full call number Barcode Copy number Cost, replacement price Koha item type
    Not For Loan Non-fiction D.B.Act.Division D.B.Act.Division 12/05/2014 DBAD/PUB 995.00 364 SIN EN-93538 1 995.00 English Books

© Delhi Public Library
Hit Counter
free hit counter